Land-use planning for sustainable waste management: the ESA view (Record no. 74451)

MARC details
000 -LEADER
fixed length control field 01142cab a2200217 4500
001 - CONTROL NUMBER
control field ABS68071
008 - FIXED-LENGTH DATA ELEMENTS--GENERAL INFORMATION
fixed length control field 040707n2004 000 0 eng u
035 ## - SYSTEM CONTROL NUMBER
System control number (Sirsi) u126729
245 ## - TITLE STATEMENT
Title Land-use planning for sustainable waste management: the ESA view
260 ## - PUBLICATION, DISTRIBUTION, ETC.
Date of publication, distribution, etc. 2004
490 ## - SERIES STATEMENT
Series statement Waste Planning
Volume/sequential designation (51) June 2004, 6-9(4)
520 ## - SUMMARY, ETC.
Summary, etc. Summarises the report by the Environmental Services Association (ESA) on what a 21st century planning system should deliver for the waste management industry. ESA estimates that 2 000 new facilities are needed over the next decade, if the UK is to meet the landfill directive (Directive 99/31/EC) with more sites if the UK is to improve its recycling performance. According to ESA, the planning system will need to facilitate decisions on new sites as it can take a waste management facility several years to become operational.
590 ## - LOCAL NOTE (RLIN)
Local note ABS
650 ## - SUBJECT ADDED ENTRY--TOPICAL TERM
Topical term or geographic name entry element PLANNING SYSTEM
650 ## - SUBJECT ADDED ENTRY--TOPICAL TERM
Topical term or geographic name entry element WASTE MANAGEMENT SITES
650 ## - SUBJECT ADDED ENTRY--TOPICAL TERM
Topical term or geographic name entry element WASTE RECYCLING
650 ## - SUBJECT ADDED ENTRY--TOPICAL TERM
Topical term or geographic name entry element DIRECTIVE 99/31/EC
650 ## - SUBJECT ADDED ENTRY--TOPICAL TERM
Topical term or geographic name entry element PLANNING DECISIONS
690 ## - LOCAL SUBJECT ADDED ENTRY--TOPICAL TERM (OCLC, RLIN)
Topical term or geographic name as entry element ENVIRONMENTAL AND LAND CONSULTANCY-WASTE MANAGEMENT
942 ## - ADDED ENTRY ELEMENTS (KOHA)
Suppress in OPAC 0
Holdings
Withdrawn status Lost status Source of classification or shelving scheme Damaged status Not for loan Home library Current library Shelving location Date acquired Total Checkouts Full call number Barcode Date last seen Copy number Price effective from Koha item type
    Dewey Decimal Classification     London London Journal article 07/07/2004   ABS68071 126729-1001 06/08/2019 1 06/08/2019 Journal article